Death On the Nile (Record no. 23576)

MARC details
000 -LEADER
fixed length control field 01575ngm a2200349 4500
003 - CONTROL NUMBER IDENTIFIER
control field dpl
005 - DATE AND TIME OF LATEST TRANSACTION
control field 20090212144943.0
007 - PHYSICAL DESCRIPTION FIXED FIELD--GENERAL INFORMATION
fixed length control field DVD
008 - FIXED-LENGTH DATA ELEMENTS--GENERAL INFORMATION
fixed length control field ||||||sp199 xxu|||||c|||| 00| 0 eng d
010 ## - LIBRARY OF CONGRESS CONTROL NUMBER
LC control number DVD-001630-1632
024 ## - OTHER STANDARD IDENTIFIER
Terms of availability 399.00
Standard number or code EDVD-D24117
035 ## - SYSTEM CONTROL NUMBER
System control number DVD-001630-1632
040 ## - CATALOGING SOURCE
Original cataloging agency DPL
Transcribing agency DPL
082 ## - DEWEY DECIMAL CLASSIFICATION NUMBER
Classification number DVD / DEAT
245 ## - TITLE STATEMENT
Title Death On the Nile
Statement of responsibility, etc Net Cohen Presents
Medium [videorecording] DVD/
260 ## - PUBLICATION, DISTRIBUTION, ETC. (IMPRINT)
Name of publisher, distributor, etc Eagle Home Entertainment
300 ## - PHYSICAL DESCRIPTION
Extent 1 videodisc DVD;
Other physical details sd., col. ;
Dimensions 4 3/4 in.
Type of unit DVD
500 ## - GENERAL NOTE
General note This DVD is Copy Protected
538 ## - SYSTEM DETAILS NOTE
Display text Language: Dolby Digital 5.1-English Subtitles: English
538 ## - SYSTEM DETAILS NOTE
System details note Aspect Ratio:1.85:1, Presentation type:Wide Screen Presentation Size 16x9, Format DVD 9 Dual Layer Single Sided Disc.
650 ## - SUBJECT ADDED ENTRY--TOPICAL TERM
Topical term or geographic name as entry element Motion Picture
700 ## - ADDED ENTRY--PERSONAL NAME
Personal name Peter, Ustinoy
700 ## - ADDED ENTRY--PERSONAL NAME
Personal name Bette, Davis
700 ## - ADDED ENTRY--PERSONAL NAME
Personal name Mia, Farrow
700 ## - ADDED ENTRY--PERSONAL NAME
Personal name Angela, Lansbury
700 ## - ADDED ENTRY--PERSONAL NAME
Personal name Christie, Agatha
942 ## - ADDED ENTRY ELEMENTS (KOHA)
Koha item type CD-ROMs, DVDs, VHS
Source of classification or shelving scheme Dewey Decimal Classification
Classification part DVD
Call number suffix DEAT
Holdings
Withdrawn status Lost status Source of classification or shelving scheme Damaged status Not for loan Home library Current library Date acquired Source of acquisition Cost, normal purchase price Total Checkouts Full call number Barcode Date last seen Date checked out Copy number Cost, replacement price Price effective from Koha item type
    Dewey Decimal Classification     Central Library Central Library 12/02/2009 Purchase 399.00 31 DVD DEAT DVD-001630 11/01/2018 09/01/2018 1 399.00 12/02/2009 CD-ROMs, DVDs, VHS
    Dewey Decimal Classification     Patel Nagar Patel Nagar 12/02/2009 Purchase 399.00 21 DVD DEAT DVD-001632 30/12/2015 05/02/2015 1 399.00 12/02/2009 CD-ROMs, DVDs, VHS
    Dewey Decimal Classification     Sarojini Nagar Sarojini Nagar 12/02/2009 Purchase 399.00 16 DVD DEAT DVD-001631 26/05/2012 12/05/2012 1 399.00 12/02/2009 CD-ROMs, DVDs, VHS

© Delhi Public Library
Hit Counter
free hit counter